000 00730nas a2200265 4500
001 BR9104268
003 BR-BrBNA
005 20231205092152.0
007 ta
008 230509b bl.|||p| |||| 00| 00por d
040 _aBR-BrBNA
_bpor
_cBiblioteca Nacional de Agricultura
041 _a(Pt)
072 _aL73
100 1 _aAnon.
245 1 _aO cavalo as moscas [doenca parasitaria; Gasterophilus]
650 _aCAVALO
650 _aDOENCA ANIMAL
650 _aMOSCA
650 _aGASTEROFILOSE
650 _aPARASITO DE ANIMAL
650 _aERRADICACAO
773 0 _tGranja (Brazil)
_xISSN 0367-505X
_g(Jun 1990), v. 46(504) p. 40-41
_wBR9104268
909 _a202311
_bLúcia
_c55
_dLúcia Elande
942 _2AGRIS
_n0
_cANA
999 _c129821
_d129821